000 00636nam a2200205Ii 4500
003 JO-AjNU
008 230606s9999||||xx |||||||||||||| ||und||
020 _a03-079305-x
040 _aJO-AjNU
_beng
_erda
_cJO-AjNU
041 _aeng
050 1 4 _aHF5415.N228.1971
100 3 _aNarver,John C/Ronald Savitt,
_eauthor
_92935
245 0 0 _aConceptual Readings in the Marketing Economy
264 3 1 _aNew York:Holt Rinehart and Winston ,1971
300 _a432p
_bIncludes indexes 421-432 p
336 _atext
_btxt
_2rdacontent
337 _aunmediated
_bn
_2rdamedia
338 _avolume
_bnc
_2rdacarrier
650 4 _a Marketing
_92936
999 _aE1538
_c1538
_d1538